Statistics for GEUSS THAT SHOE BRAND

Click here to take the quiz!

General Stats

  • This quiz has been taken 138 times
  • The average score is 4 of 5

Answer Stats

Answer% Correct
nike
100%
adidas
97%
sketchers
61%
uggs
56%
air jordans
54%

Score Distribution

Percentile by Number Answered

Percent of People with Each Score

Your Score History

You have not taken this quiz